Punta Gorda Airport (PGD) Destinations - Statistics

General Stats
  • This quiz has been taken 36 times
  • The average score is 44 of 55
Answer Stats
Hint Airlines Answer % Correct
South Carolina Allegiant Charleston
100%
Texas Allegiant Austin
95%
Maryland Allegiant Baltimore
95%
North Carolina Allegiant Charlotte (Concord)
95%
Illinois Allegiant Chicago (Midway)
95%
Illinois Allegiant Chicago (Rockford)
95%
Ohio Allegiant Columbus (Rickenbacker)
95%
Iowa Allegiant Des Moines
95%
New York Allegiant Albany
91%
Ohio Allegiant Cincinnati
91%
Ohio Allegiant Dayton
91%
Texas Allegiant Houston (Hobby)
91%
Indiana Allegiant Indianapolis
91%
Tennessee Allegiant Nashville
91%
Pennsylvania Allegiant Pittsburgh
91%
Pennsylvania Allegiant Allentown
86%
Pennsylvania Allegiant Harrisburg
86%
Missouri Allegiant Kansas City
86%
Kentucky Allegiant Louisville
86%
Tennessee Allegiant Memphis
86%
Rhode Island Allegiant Providence
86%
North Carolina Allegiant Raleigh
86%
Georgia Allegiant Savannah
86%
Wisconsin Allegiant Appleton
82%
North Carolina Allegiant Asheville
82%
Illinois Allegiant Belleville
82%
Indiana Allegiant Fort Wayne
82%
Michigan Allegiant Grand Rapids
82%
Tennessee Allegiant Knoxville
82%
Minnesota Sun Country, Allegiant Minneapolis
82%
Virginia Allegiant Richmond
82%
New York Allegiant Rochester
82%
South Dakota Allegiant Sioux Falls
82%
Ohio Allegiant Toledo
82%
Iowa Allegiant Cedar Rapids
77%
Arkansas Allegiant Fayetteville
77%
Kentucky Allegiant Lexington
77%
Nebraska Allegiant Omaha
77%
Illinois Allegiant Peoria
77%
New York Allegiant Syracuse
77%
Michigan Allegiant Flint
73%
Virginia Allegiant Norfolk
73%
Indiana Allegiant South Bend
73%
Missouri Allegiant Springfield
73%
Illinois Allegiant Springfield
73%
West Virginia Allegiant Huntington
68%
South Dakota Allegiant Rapid City
68%
Illinois Allegiant Moline
64%
New York Allegiant Newburgh
59%
New York Allegiant Plattsburgh
59%
New Hampshire Allegiant Portsmouth
50%
Michigan Allegiant Traverse City
50%
New York Allegiant Elmira
45%
Minnesota Allegiant St. Cloud
45%
New York Allegiant Niagara Falls
32%
No matching quizzes found
Score Distribution
Percent of People with Each Score
Percentile by Number Answered
Your Score History
You have not taken this quiz